000 00308nam a22001457a 4500
003 SGT
020 _a8171180787
082 _a342.0954
_bSEE
100 _aSEERVAI H M
245 _aCONSTITUTIONAL LAW OF INDIA
250 _a4
260 _aBOMBAY
_bN M TRIPATHI
_c1996
300 _a3251
942 _2ddc
_cBK
999 _c27620
_d27620